| 000 | 00645nam a2200193 a 4500 | ||
|---|---|---|---|
| 001 | 000036984 | ||
| 003 | DO-SdBNP | ||
| 005 | 20250611073818.0 | ||
| 007 | ta | ||
| 008 | 120207s2010 dr bd 000 0 spa d | ||
| 040 |
_aDO-SdBNP _bspa _cBNPHU |
||
| 082 | 4 |
_bR426i _222 |
|
| 110 | 1 |
_aRepública Dominicana. _bMinisterio de Salud Pública _980830 |
|
| 245 | 1 | 0 | _aIndicadores básicos de salud 2010 |
| 246 | 1 | 4 | _aIndicadores básicos de salud 2010: República Dominicana 2010 |
| 260 |
_aSanto Domingo : _bMinisterio Salud Pública _bOrganización Panamericana de la Salud, _c2010. |
||
| 300 |
_a23 p. : _bdiagr., mapa ; _c22 cm. |
||
| 942 |
_2ddc _cLBS1 |
||
| 999 |
_c36474 _d36474 |
||